000 00300nam a22001337a 4500
003 ASAB
005 20180827062335.0
008 131217t xxu||||| |||| 00| 0 eng d
020 _a0-14-023821-2
040 _cAsab
100 _qJane Austen
_9413
245 _aPride and Prejudice
942 _2ddc
_cBK
999 _c479126
_d479126